00762 a2200193 4500003000500000005001700005010001600022020001700038040000900055082001900064100002100083245005900104260005000163300002900213440008300242505015800325650005100483650003400534Nust20221202124729.0 a 87037848 a0898382645 : cNust00a621.381528,DIV1 aDivekar, Dileep.10aFET modeling for circuit simulation /cDileep Divekar. aBoston :bKluwer Academic Publishers,cc1988. a183 p. :bill. ;c25 cm. 4aThe Kluwer international series in engineering and computer science ;vSECS 48 aCircuit Simulation (Page-1), Device Modeling (Page-11), Diode Models (Page-27), Jfet Models (Page-47), Mosfet Models (Page-57), Mesfet Models (Page-145). 0aField-effect transistorsxMathematical models. 0aTelecommunication Engineering